| 000 | 00359 a2200157 4500 | ||
|---|---|---|---|
| 001 | 195167 | ||
| 020 | _a978-85-368-2436-9 | ||
| 040 | _cMagnum | ||
| 100 | _aBellinghausen, Ingrid Biesemeyer | ||
| 240 | 1 | 0 |
_aUm mundinho para todos _lpor |
| 245 | 1 | 0 | _aUm mundinho para todos |
| 300 | _a24 | ||
| 362 | 0 | _a2019 | |
| 697 | _aLITERATURA INFANTO | ||
| 942 | _cBK | ||
| 999 |
_c195167 _d195167 |
||